Vocabulaire anglais "Companies"#1 - Statistiques

Statistiques générales
  • Ce quiz a été pris 23 fois
  • Le résultat moyen est 3 sur 15
Statistiques - réponses
Hint Réponse % Correct
entreprise buisiness
100%
personnel staff
29%
siège social head office
19%
à son compte self employed
19%
entreprise individuelle one man company
14%
actionnaire shareholder
14%
chef d'entreprise / propriétaire business owner
10%
un cadre executive
10%
une grande entreprise major company
10%
une filiale subsidiary
10%
diriger une entreprise to run a company
10%
être sous la direction de to report to
5%
créer son entreprise to set up
5%
la direction management
0%
organigramme organisation chart
0%
Aucun quiz correspondant
Distribution des résultats
% des personnes avec chaque résultat
Percentile par nombre de réponses
Votre historique - résultats
Vous n’avez pas pris ce quiz